O lo resolvemos entre todos o en este país no habrá solución a los problemas nacionales
Guardado en:
| Autor principal: | |
|---|---|
| Formato: | Desconocido |
| Publicado: |
San José :
|
| Etiquetas: |
Agregar Etiqueta
Sin Etiquetas, Sea el primero en etiquetar este registro!
|
MARC
| LEADER | 00000 a2200000 04500 | ||
|---|---|---|---|
| 001 | 15454 | ||
| 003 | |||
| 008 | 991231s d | ||
| 040 | |||
| 090 | |a EXTRAVIADO | ||
| 100 | |a Carazo Odio, Rodrigo | ||
| 245 | |a O lo resolvemos entre todos o en este país no habrá solución a los problemas nacionales | ||
| 260 | |a San José : | ||
| 999 | |c 8372 |d 8372 | ||
